| 000 | 00755cam a22002531 4500 | ||
|---|---|---|---|
| 001 | 3687 | ||
| 003 | BD-RjUL | ||
| 005 | 20211208233753.0 | ||
| 008 | 131219s1951 pk b 000 0 eng | ||
| 035 | _a(BD-RjUL)3721 | ||
| 035 | _a(OCoLC)10593711 | ||
| 040 |
_aDLC _cCLS _dDLC _dBD-RjUL _beng |
||
| 041 | _aeng | ||
| 082 |
_2334 _bLAC |
||
| 100 | 1 |
_aLala, M. D., _d1908- _911715 |
|
| 245 | 1 | 0 | _aCo-operation & co-operative law in Pakistan. |
| 260 |
_aHyderabad, Pakistan : _bSind Provincial Co-operative Institute , _cc1951. |
||
| 300 |
_axxiii, 387 p. : _bmap. ; _c23 cm. |
||
| 650 | 0 |
_aCooperative societies _zPakistan _xLaw. _911716 |
|
| 650 | 0 |
_aCooperation _zPakistan. _911717 |
|
| 942 |
_2ddc _cBK |
||
| 999 |
_c3687 _d3687 |
||